भावना के मेती / (Record no. 34488)

MARC details
000 -LEADER
fixed length control field 01198nam a22002657a 4500
005 - DATE AND TIME OF LATEST TRANSACTION
control field 2010021103303.0
008 - FIXED-LENGTH DATA ELEMENTS--GENERAL INFORMATION
fixed length control field 100211t xxu||||| |||| 00| 0 hin d
010 ## - LCCN (DPL NO)
LC control number HIN-89057
020 ## - INTERNATIONAL STANDARD BOOK NUMBER
Terms of availability 125.00
035 ## - SYSTEM CONTROL NUMBER
System control number HN-61403
037 ## - SOURCE OF ACQUISITION
Source of stock number/acquisition PUB
040 ## - CATALOGING SOURCE
Original cataloging agency DPL
Language of cataloging HN
082 ## - DEWEY DECIMAL CLASSIFICATION NUMBER
Classification number
100 ## - MAIN ENTRY--PERSONAL NAME
Personal name जैन, रोशनलाल
9 (RLIN) 5092
245 ## - TITLE STATEMENT
Title भावना के मेती /
Statement of responsibility, etc रोशनलाल जैन
246 ## - VARYING FORM OF TITLE
Title proper/short title Bhavana ke moti
Remainder of title by Roshan Lal Jain
260 ## - PUBLICATION, DISTRIBUTION, ETC. (IMPRINT)
Place of publication, distribution, etc जयपुर
Name of publisher, distributor, etc साक्षी प्रकाशन
Date of publication, distribution, etc 2008
270 ## - ADDRESS
Address 26, शिव मार्किट, माडल टाऊन 'सी ' के पास मालवीय नगर
City जयपुर
300 ## - PHYSICAL DESCRIPTION
Extent 127पृ
Dimensions 22सेमी (सजिल्द)
500 ## - GENERAL NOTE
General note समान ISBN 9788190530293 शीर्षक भक्तिमती मीराँ
650 ## - SUBJECT ADDED ENTRY--TOPICAL TERM
Topical term or geographic name as entry element लघु कथाएँ , हिन्दी
9 (RLIN) 1169
650 ## - SUBJECT ADDED ENTRY--TOPICAL TERM
Topical term or geographic name as entry element Short stories , Hindi
9 (RLIN) 5093
942 ## - ADDED ENTRY ELEMENTS (KOHA)
Source of classification or shelving scheme Dewey Decimal Classification
Item type Hindi Books
Call number suffix जैनरो
Holdings
Withdrawn status Lost status Source of classification or shelving scheme Damaged status Not for loan Collection code Home library Current library Date acquired Source of acquisition Cost, normal purchase price Total Checkouts Full call number Barcode Date last seen Copy number Cost, replacement price Koha item type
    Dewey Decimal Classification   Not For Loan Non-fiction D.B.Act.Division D.B.Act.Division 08/03/2010 DBAD / PUB 125.00   जैनरो HN-61403 08/03/2010 1 125.00 Hindi Books

© Delhi Public Library
Hit Counter
free hit counter